000 00566nam a2200205Ia 4500
005 20250923144859.0
008 008 250917s9999 xx 000 0 eng d
037 _aTextual
040 _aDSWL
_beng
_cDSWL
041 _aeng
_2eng
084 _aL:S, J2
_qDSWL
100 _aKretschmer, Ernst
_9829372
245 2 _aA Text Book of Medical Psychology
_cby Ernst Kretschmer
260 _aLondon
_bHogarth Press
_c1952
300 _axvi,352p.
365 _aINR
_b30
925 _g30
942 _cTEXL
_hL:S, J2
999 _c1444508
_d1444508